Výuková komunikace /

Hlavní autor: Šeďová, Klára, 1974-
Další autoři: Šalamounová, Zuzana, 1984-, Švaříček, Roman, 1978-, Sedláček, Martin, 1979-, Majcík, Martin, Navrátilová, Jana
Jazyk: Čeština
Vydáno: Brno : Masarykova univerzita, 2019
Vydání: Vydání první
Témata:
Fyzický popis: 175 stran ; 23 cm
Language note: České a anglické resumé
Knihy
Uloženo v:
LEADER 02589nam a2200637 i 4500
001 nkc20203175114
003 CZ PrNK
005 20200609090406.0
007 ta
008 200207s2019 xr a f 001 0 cze
015 |a cnb003175114 
020 |a 978-80-210-9529-8  |q (brožováno) 
035 |a (OCoLC)1200247885 
040 |a ABA001  |b cze  |d OLA001  |e rda 
041 0 |a cze  |b cze  |b eng 
072 7 |a 37.09  |x Organizace výuky a vzdělávání  |2 Konspekt  |9 22 
080 |a 316.772.4:37  |2 MRF 
080 |a 316.77  |2 MRF 
080 |a 316.77:81'42  |2 MRF 
080 |a 37.064.2  |2 MRF 
080 |a 37.091.33-021.364  |2 MRF 
080 |a (048.8:082)  |2 MRF 
100 1 |a Šeďová, Klára,  |d 1974-  |7 mzk2005279375  |4 aut 
245 1 0 |a Výuková komunikace /  |c Klára Šeďová, Zuzana Šalamounová, Roman Švaříček, Martin Sedláček, Martin Majcík, Jana Navrátilová 
250 |a Vydání první 
264 1 |a Brno :  |b Masarykova univerzita,  |c 2019 
300 |a 175 stran ;  |c 23 cm 
336 |a text  |b txt  |2 rdacontent 
337 |a bez média  |b n  |2 rdamedia 
338 |a svazek  |b nc  |2 rdacarrier 
504 |a Obsahuje bibliografii, bibliografické odkazy a rejstřík 
546 |a České a anglické resumé 
650 0 7 |a pedagogická komunikace  |7 ph115702  |2 czenas 
650 0 7 |a komunikace (sdělování)  |7 ph114956  |2 czenas 
650 0 7 |a komunikační dovednosti  |7 ph180925  |2 czenas 
650 0 7 |a učitel a žák  |7 ph126980  |2 czenas 
650 0 7 |a dialogické vyučování  |7 ph950059  |2 czenas 
650 0 9 |a communication in learning and scholarship  |2 eczenas 
650 0 9 |a human communication  |2 eczenas 
650 0 9 |a communication skills  |2 eczenas 
650 0 9 |a teacher and learner  |2 eczenas 
650 0 9 |a dialogic teaching  |2 eczenas 
655 7 |a kolektivní monografie  |7 fd501537  |2 czenas 
655 9 |a collective monographs  |2 eczenas 
700 1 |a Šalamounová, Zuzana,  |d 1984-  |7 mzk2010610933  |4 aut 
700 1 |a Švaříček, Roman,  |d 1978-  |7 mzk2007417181  |4 aut 
700 1 |a Sedláček, Martin,  |d 1979-  |7 mzk2009534075  |4 aut 
700 1 |a Majcík, Martin  |7 ola20201071982  |4 aut 
700 1 |a Navrátilová, Jana  |7 ola20201071988  |4 aut 
910 2 |a BOA001  |b 2-1444.821 
990 |a BK 
995 |a 01 
991 |b 202005  |c NOV 
996 6 |b 2610822725  |c 2-1444.821  |l MZK  |r Sklad / do 1 hodiny  |n 13  |p p.v.  |w 001798047  |u 000010  |a 1  |e BOA001  |j MZK50  |s P 
996 7 |b 2610822726  |c 2-1444.821  |l Vol.výběr  |r VV 0p  |n 20  |p p.v.  |h 371 ŠEĎ  |w 001798047  |u 000020  |a 0  |e BOA001  |j MZK50  |s A 
996 7 |b 2610826647  |c 2-1444.821  |l Vol.výběr  |r VV 0p  |n 20  |p kup  |h 371 ŠEĎ  |w 001798047  |u 000030  |a 0  |e BOA001  |j MZK50  |s A